Statistics for ラブライブ!虹ヶ咲楽曲 (2022/11)

Click here to take the quiz!

General Stats

  • This quiz has been taken 11 times
  • The average score is 65 of 113

Answer Stats

Hintμ’s% Correct
三船栞子決意の光
100%
優木せつ菜CHASE!
100%
優木せつ菜DIVE!
100%
朝香果林Fire Bird
100%
全体曲Love U my friends
100%
全体曲NEO SKY, NEO MAP!
100%
上原歩夢夢への一歩
80%
上原歩夢開花宣言
80%
三船栞子コンセントレイト!
80%
天王寺璃奈アナログハート
80%
天王寺璃奈テレテレパシー
80%
天王寺璃奈ドキピポ☆エモーション
80%
エマ・ヴェルデ声繋ごうよ
80%
近江彼方眠れる森に行きたいな
80%
宮下愛楽しいの天才
80%
エマ・ヴェルデ哀温ノ詩
80%
桜坂しずくエイエ戦サー
80%
桜坂しずくオードリー
80%
中須かすみ無敵級*ビリーバー
80%
桜坂しずくあなたの理想のヒロイン
80%
中須かすみダイアモンド
80%
エマ・ヴェルデEvergreen
80%
宮下愛めっちゃGoing!!
80%
優木せつ菜LIKE IT! LOVE IT!
80%
近江彼方Märchen Star
80%
中須かすみMargaret
80%
優木せつ菜MELODY
80%
近江彼方My Own Fairy-Tale
80%
全体曲虹色Passions!
80%
上原歩夢Say Good-Bye 涙
80%
全体曲TOKIMEKI Runners
80%
朝香果林Wish
80%
全体曲全速ドリーマー
60%
全体曲夢がここから始まるよ
60%
天王寺璃奈ツナガルコネクト
60%
中須かすみ☆ワンダーランド☆
60%
全体曲未来ハーモニー
60%
優木せつ菜ヤダ!
60%
全体曲夢が僕らの太陽さ
60%
全体曲永遠の一瞬
60%
鐘嵐珠夜明珠
60%
宮下愛サイコーハート
60%
桜坂しずくやがてひとつの物語
60%
宮下愛友&愛
60%
QU4RTZBeautiful Moonlight
60%
A・ZU・NABlue!
60%
上原歩夢Break The System
60%
A・ZU・NACheer for you!!
60%
宮下愛Diabolic mulier
60%
A・ZU・NADream Land! Dream World!
60%
上原歩夢Dream with You
60%
三船栞子EMOTION
60%
DiverDivaEternal Light
60%
天王寺璃奈First Love Again
60%
エマ・ヴェルデいつだってfor you!
60%
全体曲Just Believe!!!
60%
DiverDivaLove Triangle
60%
DiverDiva恋するMagic!!
60%
R3BIRTHMONSTER GIRLS
60%
中須かすみPoppin’ Up!
60%
鐘嵐珠Queendom
60%
桜坂しずくSolitude Rain
60%
朝香果林Starlight
60%
DiverDivaSUPER NOVA
60%
全体曲Sweet Eyes
60%
中須かすみTO BE YOURSELF
60%
ミア・テイラーToy Doll
60%
朝香果林Turn it Up!
60%
朝香果林VIVID WORLD
60%
R3BIRTHVroom Vroom
60%
R3BIRTHバブルオーバー!
40%
A・ZU・NAロマンスの中で
40%
全体曲繚乱!ビクトリーロード
40%
全体曲トワイライト
40%
QU4RTZ4 SEASONS
40%
上原歩夢Awakening Promise
40%
近江彼方Butterfly
40%
全体曲Colorful Dreams! Colorful Smiles!
40%
QU4RTZENJOY IT!
40%
鐘嵐珠Eutopia
40%
DiverDivaFashionista
40%
DiverDivaFly into the sky
40%
全体曲Future Parade
40%
QU4RTZFuwa Fuwa アワー!
40%
A・ZU・NAHappy Nyan! Days
40%
全体曲Hurray Hurray
40%
ミア・テイラーI’m Still…
40%
A・ZU・NAInfinity! Our wings!!
40%
A・ZU・NAKakushiaji!
40%
DiverDivaKiss the Sun
40%
エマ・ヴェルデLa Bella Patria
40%
R3BIRTHLook at me now
40%
QU4RTZMake-up session ABC
40%
A・ZU・NAMaze Town
40%
QU4RTZNot Sad
40%
全体曲OUR P13CES!!!
40%
DiverDivaPOWER SPOT!!
40%
DiverDiva祭花 -saika-
40%
DiverDivaShadow Effect
40%
近江彼方Silent Blaze
40%
QU4RTZSing & Smile!!
40%
ミア・テイラーstars we chase
40%
全体曲ミラクル STAY TUNE!
40%
QU4RTZSwinging!
40%
DiverDivaTHE SECRET NiGHT
40%
QU4RTZTwinkle Town
40%
QU4RTZミチノサキ
20%
三船栞子碧いカナリア
20%
A・ZU・NAフォルクロア 〜歓喜の歌〜
20%
A・ZU・NADancing in the Light
20%
全体曲L! L! L! (Love the Life We Live)
20%
QU4RTZPASTEL
20%
A・ZU・NAPoker face&お願い! Fairy
20%

Score Distribution

Percentile by Number Answered

Percent of People with Each Score

Your Score History

You have not taken this quiz